• 首页
  • 本馆介绍
  • 公告通知
  • 最新文献
  • 馆藏检索
  • 电子资源
  • 读者导购
  • 参考咨询
  • 我的图书馆
  • 登录
  • 详细信息显示
  • 放入我的书架
  • 预约/预借图书
  • 作者相关作品
  • 分类相关作品
  • 丛书相关作品
  • 出版社相关作品

书目信息

  • 表格格式
  • 工作单格式
  • 卡片格式
题名:
印度近代史
    
 
作者: 安东诺娃 , Антонова 主编 ;北京编译社 译
分册: 下  
出版信息: 北京   三联书店  1978
页数: 599-1317页
开本: 20cm
丛书名:
单 册:
中图分类: K351.4
科图分类:
主题词: 近代史-印度
电子资源:
ISBN:
000 00915nam0 2200301 45
001 0178002673
005 20040512093932.8
010    @dCNY3.90
091    @a11002.495
100    @a19950725d1978 em y0chiy0121 ea
101 1  @achi@crus
102    @aCN@b110000
105    @ay z 000yy
106    @ar
200 10 @a印度近代史@h下@Ayin du jin dai shi@f(苏)安东诺娃(К.А.Антонова)等主编@g北京编译社译
210    @a北京@c三联书店@d1978
215    @a599-1317页@d20cm
300    @a书名原文:Новая история Индии.
300    @a内部读物
510 1  @aНовая история Индии@zrus
606    @a近代史-印度
607    @a印度@x近代史
690    @aK351.4@v3
701  1 @a安东诺娃@Aan dong nuo wa@bК.А.@4主编
701 A1 @aАнтонова@bК.А.@4主编
712 02 @a北京编译社@Abei jing bian yi she@4译
801  0 @aCN@bNLC@c20040512
905    @dK351.4@e1:2@f1@b7313
    
    印度近代史.下/(苏)安东诺娃(К.А.Антонова)等主编/北京编译社译.-北京:三联书店,1978
    599-1317页;20cm
    书名原文:Новая история Индии.-内部读物
    
    ISBN :CNY3.90
    
●
相关链接 在E读中查询图书 在五车中查询图书 在当当中查询图书 在豆瓣中查询图书


正题名:印度近代史     索取号:K351.4/1:2         预约/预借

序号 登录号 条形码 馆藏地/架位号 状态 备注
1 0007313   001395911   第二借阅区/ [索取号:K351.4/1:2] 在馆    
2 0007314   202441633   第二样本阅览室/ [索取号:K351.4/1:2] 在馆    
唐山师范学院图书馆 欢迎您!
大连网信软件有限公司© 版权所有